000 00348 a2200157 4500
001 154762
040 _cEscola São Tomás de Aquino
100 _aOSCAR, Jacques
240 1 0 _aHistória das Sociedadas
_lpor
245 1 0 _aHistória das Sociedadas
300 _a643
362 0 _a1999
440 1 _aRecord
697 _aHISTÓRIA
942 _cBK
999 _c154762
_d154762